| 000 | 00749cam a2200241 a 4500 | ||
|---|---|---|---|
| 001 | 000017366 | ||
| 005 | 20200929165107.0 | ||
| 008 | 760514s1965 sp 000 0 spa d | ||
| 040 |
_aDO-SdBNP _cKSU _dEQO _dBNPHU |
||
| 082 |
_a863.64 _bA353m, 1965 |
||
| 100 | 1 |
_aAlcántara, Francisco José. _938027 |
|
| 245 | 1 | 3 |
_aLa muerte le sienta bien a Villalobos / _cFrancisco José Alcántara. |
| 250 | _a5a ed. | ||
| 260 |
_aBarcelona : _bDestino, _c1965. |
||
| 300 |
_a267, [2] p. ; _c18 cm. |
||
| 490 | 1 |
_aÁncora y delfín _v106 |
|
| 586 | _aPremio Eugenio Nadal 1954 | ||
| 650 | 4 |
_aNovela española _91123 |
|
| 650 | 4 |
_aLiteratura española _9632 |
|
| 830 | 0 |
_aÁncora y delfín ; _v106 _94704 |
|
| 910 | _aCatalogación derivada | ||
| 049 | _aBNGR | ||
| 999 |
_c16891 _d16891 |
||